Exact solutions of einstein's field equations / (Record no. 30256)
[ view plain ]
| 000 -LEADER | |
|---|---|
| fixed length control field | 00766 a2200229 4500 |
| 003 - CONTROL NUMBER IDENTIFIER | |
| control field | NUST |
| 005 - DATE AND TIME OF LATEST TRANSACTION | |
| control field | 20180118114925.0 |
| 008 - FIXED-LENGTH DATA ELEMENTS--GENERAL INFORMATION | |
| fixed length control field | 180118b xxu||||| |||| 00| 0 eng d |
| 020 ## - INTERNATIONAL STANDARD BOOK NUMBER | |
| International Standard Book Number | 0521461367 |
| 020 ## - INTERNATIONAL STANDARD BOOK NUMBER | |
| International Standard Book Number | 9780521461368 |
| 082 ## - DEWEY DECIMAL CLASSIFICATION NUMBER | |
| Classification number | 530.11 |
| 100 1# - MAIN ENTRY--PERSONAL NAME | |
| Personal name | Stephani, Hans. |
| 9 (RLIN) | 8625 |
| 245 10 - TITLE STATEMENT | |
| Title | Exact solutions of einstein's field equations / |
| Statement of responsibility, etc. | Hans Stephani, Dietrich Kramer, Malcolm MacCallum, Cornelius Hoenselaers, Eduard Herlt. |
| 250 ## - EDITION STATEMENT | |
| Edition statement | 2nd ed. |
| 260 ## - PUBLICATION, DISTRIBUTION, ETC. | |
| Place of publication, distribution, etc. | [S.l.] : |
| Name of publisher, distributor, etc. | Cambridge University Press, |
| Date of publication, distribution, etc. | 2003. |
| 300 ## - PHYSICAL DESCRIPTION | |
| Extent | 732 p. ; |
| Dimensions | 25 cm. |
| 490 1# - SERIES STATEMENT | |
| Series statement | Cambridge monographs on mathematical physics. |
| 700 1# - ADDED ENTRY--PERSONAL NAME | |
| Personal name | Kramer, Dietrich. |
| 9 (RLIN) | 8633 |
| 700 1# - ADDED ENTRY--PERSONAL NAME | |
| Personal name | MacCallum, Malcolm. |
| 9 (RLIN) | 8634 |
| 700 1# - ADDED ENTRY--PERSONAL NAME | |
| Personal name | Hoenselaers, Cornelius. |
| 9 (RLIN) | 8635 |
| 700 1# - ADDED ENTRY--PERSONAL NAME | |
| Personal name | Herlt, Eduard. |
| 9 (RLIN) | 8636 |
| 830 #0 - SERIES ADDED ENTRY--UNIFORM TITLE | |
| Uniform title | Cambridge monographs on mathematical physics. |
| 9 (RLIN) | 8637 |
| 942 ## - ADDED ENTRY ELEMENTS (KOHA) | |
| Institution code [OBSOLETE] | SNS |
| Koha item type | Book |
| Call number prefix | 530.11 STE |
| Source of classification or shelving scheme | |
| Withdrawn status | Lost status | Damaged status | Not for loan | Permanent Location | Current Location | Date acquired | Total Checkouts | Total Renewals | Full call number | Barcode | Date last seen | Date last checked out | Price effective from | Koha item type |
|---|---|---|---|---|---|---|---|---|---|---|---|---|---|---|
| School of Natural Sciences (SNS) | School of Natural Sciences (SNS) | 05/26/2016 | 1 | 1 | 530.11 STE | SNS0000060 | 08/05/2019 | 12/11/2018 | 05/26/2016 | Book |
